LEADER 03017nam 2200649 450 001 9910460943103321 005 20170822145725.0 010 $a0-520-96114-5 024 7 $a10.1525/9780520961142 035 $a(CKB)3710000000432978 035 $a(EBL)1974904 035 $a(SSID)ssj0001516939 035 $a(PQKBManifestationID)12557465 035 $a(PQKBTitleCode)TC0001516939 035 $a(PQKBWorkID)11495582 035 $a(PQKB)11031091 035 $a(MiAaPQ)EBC1974904 035 $a(DE-B1597)520532 035 $a(OCoLC)911410774 035 $a(DE-B1597)9780520961142 035 $a(EXLCZ)993710000000432978 100 $a20150212h20152015 uy| 0 101 0 $aeng 135 $aur|n|---||||| 181 $ctxt 182 $cc 183 $acr 200 10$aDevoted to nature $ethe religious roots of American environmentalism /$fEvan Berry 210 1$aOakland, California :$cUniversity of California Press,$d[2015] 210 4$dİ2015 215 $a1 online resource (282 p.) 300 $aDescription based upon print version of record. 311 $a0-520-28573-5 311 $a0-520-28572-7 320 $aIncludes bibliographical references and index. 327 $aRecreation and soteriology -- Congregating around nature -- Sacred space and the American environmental imagination -- Recreation and spiritual experience -- Conclusion : the mechanics of religious change. 330 $a"Devoted to Nature explores the religious underpinnings of American environmentalism, tracing the theological character of American environment thought from their Romantic foundations to contemporary discourse about nature spirituality. This history is most readily visible during the Gilded Age and Progressive Era, when religious sources tangibly shaped ideas about the natural world, recreational practices, and modes of social and political interaction. The roots of the environmental movement evidence explicitly Christian understandings of salvation, redemption, and progress, which provided the context for Americans enthusiastic about the out-of-doors and established the horizons of possibility for the national environmental imagination"--Provided by publisher. 606 $aHuman ecology$xReligious aspects$xChristianity 606 $aHuman ecology$zUnited States 606 $aEnvironmentalism$xReligious aspects$xChristianity 606 $aEnvironmentalism$zUnited States 606 $aNature$xReligious aspects$xChristianity 608 $aElectronic books. 615 0$aHuman ecology$xReligious aspects$xChristianity. 615 0$aHuman ecology 615 0$aEnvironmentalism$xReligious aspects$xChristianity. 615 0$aEnvironmentalism 615 0$aNature$xReligious aspects$xChristianity. 676 $a220.07 700 $aBerry$b Evan$f1977-$01055068 801 0$bMiAaPQ 801 1$bMiAaPQ 801 2$bMiAaPQ 906 $aBOOK 912 $a9910460943103321 996 $aDevoted to nature$92488186 997 $aUNINA LEADER 03461oam 2200733I 450 001 9910959707003321 005 20251116232944.0 010 $a1-135-10081-0 010 $a0-203-07274-X 010 $a1-299-28002-1 010 $a1-135-10082-9 024 7 $a10.4324/9780203072745 035 $a(CKB)2560000000099306 035 $a(EBL)1143828 035 $a(OCoLC)830161038 035 $a(SSID)ssj0000833066 035 $a(PQKBManifestationID)11436131 035 $a(PQKBTitleCode)TC0000833066 035 $a(PQKBWorkID)10935660 035 $a(PQKB)10519358 035 $a(MiAaPQ)EBC1143828 035 $a(Au-PeEL)EBL1143828 035 $a(CaPaEBR)ebr10672652 035 $a(CaONFJC)MIL459252 035 $a(OCoLC)847627506 035 $a(OCoLC)847199662 035 $a(FINmELB)ELB134084 035 $a(EXLCZ)992560000000099306 100 $a20180706d2013 uy 0 101 0 $aeng 135 $aur|n|---||||| 181 $ctxt 182 $cc 183 $acr 200 10$aDo funerals matter? $ethe purposes and practices of death rituals in global perspective /$fWilliam G. Hoy 205 $a1st ed. 210 1$aNew York, N.Y. :$cRoutledge,$d2013. 215 $a1 online resource (225 p.) 300 $aDescription based upon print version of record. 311 08$a0-415-66205-2 311 08$a0-415-66204-4 320 $aIncludes bibliographical references and index. 327 $aCover; Do Funerals Matter?: The Purposes and Practices of Death Rituals in Global Perspective; Copyright; Contents; Figures; Foreword; Acknowledgments; Introduction; 1 Funerals-Where We Have Been and Where We Are Going; 2 More Treasured than Words: The Anchor of Significant Symbols; 3 Getting Everybody Together: The Anchor of Gathered Community; 4 Walk Out What You Can't Talk Out: The Anchor of Ritual Action; 5 Looking Back to Look Forward: The Anchor of Cultural Heritage; 6 Taking the Dead to the Party: The Anchor of the Body's Presence; 7 North American Quests to Personalize Funeral Rituals 327 $a8 The Business of Funerals9 Clinical Perspectives on the Value of Funerals; 10 Farther Down the Road: Using Ritual in Grief Counseling; Epilogue; Glossary: What Does that Mean?; References; Index 330 $aDo Funerals Matter? is a creative interweaving of historical, sociocultural, and research-based perspectives on death rituals, drawing from myriad sources to create a picture of what death rituals have been; and where, especially in the Western world, they are going. Death educators, researchers, counselors, clergy, funeral-service professionals, and others will appreciate the book's theory- and research-based approach to the ways in which different cultural groups memorialize their dead. They will also find clear clinical and practical applications in the author's exploration of t 606 $aFuneral rites and ceremonies 606 $aBurial 606 $aHuman remains (Archaeology) 606 $aDeath$xSocial aspects 606 $aGroup identity 615 0$aFuneral rites and ceremonies. 615 0$aBurial. 615 0$aHuman remains (Archaeology) 615 0$aDeath$xSocial aspects. 615 0$aGroup identity. 676 $a393/.9 700 $aHoy$b William G.$01874750 801 0$bMiAaPQ 801 1$bMiAaPQ 801 2$bMiAaPQ 906 $aBOOK 912 $a9910959707003321 996 $aDo funerals matter$94485502 997 $aUNINA